=LDR 00000nam 2200000 4500 =001 INLIS000000000017024 =005 20130612112227 =008 ***********************************Ind** =035 ##$$0010-061300000017024 =041 ##$$a Ind =082 ##$$a 620.004 4 =090 ##$$a 620.004 4, Sri i =100 ##$$a Sri Midharto =245 ##$$a Inspeksi teknik, Sri Widharto =260 ##$$a 2002 $b Jakarta =300 ##$$a ...jil, ilus, 23 cm =650 ##$$a Inspeksi Teknik =850 ##$$a NBPNMAT